Quizzes
Events
Quiz Creation
Community
Videos
Private Events
Remove Ads
Sign In
Join for FREE
Feedback
Dark Mode
Quiz Categories
Sports
Geography
Music
Movies
Television
Just For Fun
Miscellaneous
History
Literature
Language
Science
Gaming
Entertainment
Religion
Holiday
For Kids
Quiz Lab
Recent
Popular Today
Quiz Kudos Today
Editor Picks
Curator Picks
Quizzes by...
Day
Popularity
Type
Ratings
Length
Year
Community
Subscriptions
Recent Discussions
Orange Saloon
Badges
Playlists
Quests
Create
Leaderboards
Showdown
Live 5
Trivia Bingo
Activity
Puzzle Library
Sporcle Events
Private Events
Virtual Trivia
Globe League
Become a Host
Pub Owners
SporcleCon
Opinionation
Our Games
Videos
Blog
Mobile Apps
Partnerships
Remove Ads and Go Orange
Feedback
Sports
Athletes
MLB
NBA
NHL
NFL
Soccer
Sports Teams
WWE
NCAA
Football
Premier League
Basketball
Baseball
Hockey
Golf
Tennis
Cricket
Rugby
Auto Racing
Olympics
World Cup
Sports
Athletes
MLB
NBA
NHL
NFL
Soccer
Sports Teams
WWE
NCAA
Football
Premier League
Basketball
Baseball
Hockey
Golf
Tennis
Cricket
Rugby
Auto Racing
Olympics
World Cup
Random Quiz
Search Sporcle
×
Quiz Lab
Quiz Lab
Sports
MLB
Select answers by clicking on text or image buttons
Select answers by clicking on text or image buttons
Clickable
Best Score? Go Orange.
YOUR 2014 MLB Hall of fame ballot Stats
Can you pick the YOUR 2014 MLB Hall of fame ballot
By
detroittigerfan
20m
37 Questions
328 Plays
328 Plays
328 Plays
Comments
Comments
Give Quiz Kudos
Give Quiz Kudos
-
- Ratings
hide this ad
More Info
Replay
Link that replays current quiz
Next Quiz
Link to next quiz in quiz playlist
You Got
0%
They Got
Avg Score
29%
Avg Friend Score
Upgrade to see
Score Distribution
Jump to the score distribution portion of the page
Score
0/37
Timer
20:00
0
Plays Today
% Correct
Alan Trammell
71%
Jack Morris
61%
Greg Maddux
59.1%
Frank Thomas
54.6%
Craig Biggio
52.7%
Tom Glavine
52.1%
Mike Piazza
50.9%
Jeff Bagwell
48.5%
Todd Jones
46%
Roger Clemens
39.9%
Tim Raines
39.6%
Barry Bonds
37.8%
Edgar Martinez
36.9%
Curt Schilling
35.7%
Mike Mussina
32.9%
Larry Walker
32.3%
Jeff Kent
28.7%
Mark Mcgwire
27.7%
Sammy Sosa
27.4%
% Correct
Fred Mcgriff
25.9%
Rafael Palmeiro
24.7%
Don Mattingly
19.2%
Lee Smith
17.7%
Luis Gonzalez
14.6%
Moises Alou
13.4%
Kenny Rogers
12.8%
Eric Gagne
12.5%
Hideo Nomo
12.2%
Richie Sexson
12.2%
Nobody
12.2%
Ray Durham
11.9%
Jacque Jones
11.9%
Armando Benitez
11.6%
Sean Casey
11.6%
Paul Lo Duca
11.3%
J.T. Snow
11.3%
Mike Timlin
11.3%
Quiz Playlist
Details
Report
Send in Message
Add To Playlist
More Info:
Choose who you think should get in or nobody
Clickable:
Select answers by clicking on text or image buttons
Last Updated: Feb 16, 2017
Quiz Scoreboard
CHALLENGE
Sign Up to Join the Scoreboard
Show All
Scores
Hide
Comments
May contain spoilers
Recently Published
9x9 Crossword: Cartoon Network
by jackfrog10
Miscellaneous
3m
College Basketball Coaching Resumes
by pancakes188
Sports
9m
Billboard Blitz: Fleetwood Mac
by CooCooCachoo
Music
15s
More to Explore
Quiz From the Vault
Featured Blog Post
Where Did the Easter Bunny Come From?
hide this ad
You Might Also Like...
Tags
Baseball Quiz
Clickable Quiz
MLB Quiz
2014
ballot
fame
hall
Today's Top Quizzes in Sports
Browse Sports
hide this ad
Today's Top Quizzes in MLB
Browse MLB
Top Contributed Quizzes in Sports
1
2022 World Cup Stars
2
Les meilleurs buteurs des matchs entre le PSG et l’OM
3
FIFA Club World Cup Champions
4
Les entraîneurs de l'OM et du PSG au 21e siècle
5
Criteria MLB: Left Handed Sluggers
6
2023 MLB Unique Player Accomplishments
7
AFC Teams Reveal (Wrong Answers Minefield)
8
Players with Multiple 50 Home Run Seasons
9
5-to-1: FBS Animal Nicknames
10
5-to-1: UK Sports Teams
Explore More
Trending Topics
Crossword
Anime
NBA
Disney
Kpop
Marvel
Harry Potter
The Office
WWE
Pokémon
Country
Song
Puzzle
NFL
Soccer
hide this ad
More By:
detroittigerfan
Quiz
Plays
Rating
Category
Featured
Created
All-Star Game Starting Pitchers for Both Leagues
28,488
4.34
Sports
May 28, 2013
Tampa Bay Rays Opening Day Starting Pitchers
9,328
4.72
Sports
Mar 2, 2013
MLB Teams in 1950
454
4.67
Sports
Jun 20, 2013
YOUR 2014 MLB Hall of fame ballot
328
3.57
Sports
Nov 27, 2013
Detroit Tiger Opening Day Pitchers Since 1950
189
5.00
Sports
Mar 1, 2013
Go to Creator's Profile
Score Distribution
Quiz Creator Spotlight
detroittigerfan
Follow
Send a Message
Quizzes Created
-
Created Quiz Play Count
-
More By This Creator
Popular Quizzes Today
1
Find the US States - No Outlines Minefield
2
Find the Countries of Europe - No Outlines Minefield
3
The Countries of the World
4
Find the US States
5
Risky Map Clicking: Biggest States A-Z
6
US States
7
Popular People in 1961
8
Movies - When Are They Set?
More Sports Quizzes
Where did they play? Manchester United 2021/22
Quiz Lab
Trending Quizzes
Risky Map Clicking: Least Populous States A-Z
1-10 Letter G Words
Risky Map Clicking: Next State Alphabetically
Adjectives in 80s TV Shows
Risky Map Clicking: Biggest States A-Z
Recently Updated
Leaping Animals
pecheneg
Reality TV Shows (A-Z)
bhenderson79
Rickey Henderson's Hall of Fame Teammates
pecheneg
Champions League XIs: Arsenal
pecheneg
Quick Pick: Celebrities in WWE's Hall of Fame
aduchscher
A-Z Keypad Blitz II
pecheneg
Multiple Oscar Actors
pecheneg
Mystery Phrase Blitz: Oscar 'Best Actors'
pecheneg
F. Scott Fitzgerald Novels
LTH
Pick 3 Villains
ddd62291
Trending Topics
Marvel
Anime
Crossword
Kpop
Harry Potter
NBA
Disney
Pokémon
The Office
Song
Soccer
Country
WWE
NFL
Puzzle
Your Account Isn't Verified!
In order to create a playlist on Sporcle, you need to verify the email address you used during registration. Go to your
Sporcle Settings
to finish the process.
Report this User
Report this user for behavior that violates our
Community Guidelines
.
Details:
Send Report
Go to the Sporcle.com Mobile Site →
Comments